000 00682nam a2200205 a 4500
001 6390
003 CO-ViMGA
008 141112s2004 ck r 000 u spa d
020 _a9586015394
040 _aCO-ViMGA
_bspa
_cCO-ViMGA
082 0 4 _a332.1 H357
100 1 _aHenry, James S
_95139
245 1 0 _aBanqueros y lavadólares :
_bel papel de la banca internacional en la dueda del tercer mundo, la fuga de capitales, la corrupción y el antidesarrollo, relatos de detectivismo económico
260 _aSantafé de Bogotá :
_bTercer Mundo,
_c1996
300 _a564 p
490 _aActualidad
650 1 4 _aBANCA
_952400
650 1 4 _aDINERO - DELITOS
_95140
942 _2ddc
_cBK
999 _c18360
_d18360